[Event "26th WSCC 2016 Open 65+"]
[Site "Marianske Lazne, Czech Republic - Hotel Cristal and Continental"]
[Date "2016.11.21"]
[Round "3.56"]
[White "Valtera, Jiri"]
[Black "Lang, Ferdinand"]
[Result "0-1"]
[WhiteElo "1943"]
[BlackElo "2133"]
[PlyCount "80"]
[EventDate "2016.11.19"]

1. e4 e5 2. Nf3 Nc6 3. Bb5 a6 4. Ba4 Nf6 5. d3 b5 6. Bb3 Be7 7. O-O d6 8. c3
Bg4 9. h3 Bh5 10. Bg5 Na5 11. Bc2 c5 12. Nbd2 O-O 13. Qb1 Nc6 14. a4 b4 15. Bb3
Rb8 16. Qc2 Na5 17. c4 Qd7 18. Nh4 h6 19. Bxf6 Bxf6 20. Nf5 Bg5 21. Ng3 Bg6 22.
Nf3 Be7 23. Rae1 h5 24. h4 Qg4 25. Qd1 Bxh4 26. Nh2 Qe6 27. Bc2 b3 28. Bb1 Bxg3
29. fxg3 Rb4 30. Nf3 Rxa4 31. Nh4 Rb4 32. Nf5 Nc6 33. g4 hxg4 34. Qxg4 Bxf5 35.
exf5 Qf6 36. Re3 Rd8 37. Rh3 Nd4 38. Qh5 Kf8 39. Qh7 Ke7 40. Rf2 Rbb8 0-1

[Event "26th WSCC 2016 Open 65+"]
[Site "Marianske Lazne, Czech Republic - Hotel Cristal and Continental"]
[Date "2016.11.21"]
[Round "3.57"]
[White "Ofstad, Per"]
[Black "Barboza, Mauro"]
[Result "1-0"]
[WhiteElo "2129"]
[BlackElo "1944"]
[PlyCount "53"]
[EventDate "2016.11.19"]

1. e4 e5 2. Nf3 Nc6 3. d4 exd4 4. Bc4 Nf6 5. O-O d6 6. Nxd4 Be7 7. Nc3 O-O 8.
Nxc6 bxc6 9. h3 Be6 10. Qe2 Qc8 11. Bg5 Re8 12. Bd3 Rb8 13. b3 h6 14. Bh4 g5
15. Bg3 g4 16. e5 dxe5 17. Qxe5 gxh3 18. Ne4 Nxe4 19. Qxe4 f5 20. Qf3 hxg2 21.
Rfe1 Bd5 22. Qh5 Bf7 23. Bc4 Bxc4 24. Qg6+ Kf8 25. Qxh6+ Kg8 26. Qg6+ Kf8 27.
Bf4 1-0

[Event "26th WSCC 2016 Open 65+"]
[Site "Marianske Lazne, Czech Republic - Hotel Cristal and Continental"]
[Date "2016.11.21"]
[Round "3.58"]
[White "Karmov, Mazhmudin"]
[Black "Ben-Zeev, Moshe"]
[Result "1-0"]
[WhiteElo "2122"]
[BlackElo "1943"]
[PlyCount "69"]
[EventDate "2016.11.19"]

1. e4 c6 2. d4 d5 3. e5 e6 4. Nf3 c5 5. c3 Nc6 6. a3 Bd7 7. b4 cxd4 8. cxd4 a6
9. Bd3 g6 10. O-O b5 11. Nc3 Nge7 12. g4 Nc8 13. Bg5 Be7 14. Bh6 Nb6 15. Qd2
Rg8 16. Ne2 Nc4 17. Qf4 f5 18. exf6 Bxf6 19. g5 Be7 20. Bxc4 bxc4 21. Nc3 Bf8
22. Rfe1 Ne7 23. Ne5 Nf5 24. Nxd5 Bxh6 25. gxh6 g5 26. Qg4 Kf8 27. Nf6 Be8 28.
Nxg8 Kxg8 29. Nf3 Nxh6 30. Qxe6+ Nf7 31. Rac1 Rc8 32. Rxc4 Rxc4 33. Qxc4 Bb5
34. Qe6 Bd7 35. Qe7 1-0

[Event "26th WSCC 2016 Open 65+"]
[Site "Marianske Lazne, Czech Republic - Hotel Cristal and Continental"]
[Date "2016.11.21"]
[Round "3.59"]
[White "Vatansever, Abdullah"]
[Black "Gundersen, Helge"]
[Result "1/2-1/2"]
[WhiteElo "1938"]
[BlackElo "2120"]
[PlyCount "64"]
[EventDate "2016.11.19"]

1. d4 e6 2. c4 f5 3. Nc3 Nf6 4. Nf3 Bb4 5. Bd2 O-O 6. Qc2 b6 7. g3 Bb7 8. Bg2
Qe7 9. O-O Bxc3 10. Bxc3 Be4 11. Qd2 d6 12. b4 Nbd7 13. Rad1 Rad8 14. Qb2 Bb7
15. Rfe1 Ne4 16. Qc2 Nxc3 17. Qxc3 Nf6 18. Qe3 Ra8 19. d5 e5 20. Qb3 a5 21. a3
axb4 22. axb4 Ra7 23. Ra1 Rfa8 24. Rxa7 Rxa7 25. Bh3 g6 26. Bg2 Qe8 27. Ng5 Qa4
28. Qc3 Qa3 29. Qd2 Qa2 30. Qc1 Qa3 31. Qd2 Qa2 32. Qc1 Qa3 1/2-1/2

[Event "26th WSCC 2016 Open 65+"]
[Site "Marianske Lazne, Czech Republic - Hotel Cristal and Continental"]
[Date "2016.11.21"]
[Round "3.60"]
[White "Bernardo Jimenez, Fernando"]
[Black "Joukl, Zdenek"]
[Result "0-1"]
[WhiteElo "1926"]
[BlackElo "2108"]
[PlyCount "36"]
[EventDate "2016.11.19"]

1. e4 d6 2. d4 Nf6 3. Nc3 Nbd7 4. Nf3 e5 5. dxe5 dxe5 6. Bd3 c6 7. O-O Be7 8.
Re1 O-O 9. a3 a5 10. Be3 Qc7 11. a4 Nc5 12. h3 h6 13. Qe2 Rd8 14. Bxc5 Bxc5 15.
Nb1 Nh5 16. Nbd2 Be6 17. Nc4 Bxc4 18. Bxc4 Ng3 0-1

[Event "26th WSCC 2016 Open 65+"]
[Site "Marianske Lazne, Czech Republic - Hotel Cristal and Continental"]
[Date "2016.11.21"]
[Round "3.61"]
[White "Ricter, Jean-Paul"]
[Black "Scharff, Klaus"]
[Result "1-0"]
[WhiteElo "2108"]
[BlackElo "1934"]
[PlyCount "65"]
[EventDate "2016.11.19"]

1. e4 e6 2. d3 g6 3. Nf3 Bg7 4. Nc3 Ne7 5. Bg5 h6 6. Be3 a6 7. Qd2 b5 8. a3 Bb7
9. d4 d5 10. e5 Nd7 11. Be2 Nb6 12. b3 Nd7 13. O-O Rc8 14. Ne1 c5 15. f4 Nf5
16. Nf3 Bf8 17. Bf2 cxd4 18. Nxd4 Bc5 19. Nxf5 Bxf2+ 20. Rxf2 gxf5 21. Bf3 Nc5
22. Rd1 Qb6 23. Qd4 Qc7 24. Ne2 O-O 25. Ng3 Ne4 26. Bxe4 dxe4 27. Rfd2 Rfd8 28.
Qxd8+ Rxd8 29. Rxd8+ Kg7 30. Nh5+ Kg6 31. Nf6 h5 32. Rg8+ Kh6 33. Rdd8 1-0

[Event "26th WSCC 2016 Open 65+"]
[Site "Marianske Lazne, Czech Republic - Hotel Cristal and Continental"]
[Date "2016.11.21"]
[Round "3.63"]
[White "Vavruska, Antonin"]
[Black "Baumann, Hanspeter"]
[Result "1-0"]
[WhiteElo "2096"]
[BlackElo "1911"]
[PlyCount "53"]
[EventDate "2016.11.19"]

1. e4 c5 2. c3 Nf6 3. e5 Nd5 4. d4 cxd4 5. Nf3 e6 6. cxd4 Nc6 7. a3 d6 8. Bd3
dxe5 9. dxe5 Be7 10. O-O O-O 11. Qe2 Qc7 12. Bd2 a6 13. Nc3 Nxc3 14. Bxc3 b5
15. Rac1 Bb7 16. Qe4 g6 17. Qg4 Rac8 18. Rfe1 Rfd8 19. Bb1 Qd7 20. h4 h5 21.
Qg3 Qe8 22. Be4 Rd7 23. Ng5 Kg7 24. f4 Bc5+ 25. Kh1 Ne7 26. f5 Bxe4 27. f6+ 1-0

[Event "26th WSCC 2016 Open 65+"]
[Site "Marianske Lazne, Czech Republic - Hotel Cristal and Continental"]
[Date "2016.11.21"]
[Round "3.64"]
[White "Drozdov, Vladimir E"]
[Black "Montero Martinez, Cristhian"]
[Result "0-1"]
[WhiteElo "1919"]
[BlackElo "2089"]
[PlyCount "64"]
[EventDate "2016.11.19"]

1. e4 c5 2. c3 Nf6 3. e5 Nd5 4. d4 cxd4 5. Qxd4 e6 6. Nf3 Nc6 7. Qe4 f5 8. Qe2
b5 9. g3 Qb6 10. Bg2 Be7 11. O-O O-O 12. Re1 Bb7 13. Bf4 a5 14. Nbd2 a4 15. a3
Ba6 16. c4 Nxf4 17. gxf4 Rac8 18. Bf1 bxc4 19. Nxc4 Bxc4 20. Qxc4 Nxe5 21. Nxe5
Rxc4 22. Bxc4 d5 23. Nd7 Qd6 24. Nxf8 Kxf8 25. Bb5 Kf7 26. Bxa4 Qxf4 27. Bd7 e5
28. a4 Bc5 29. Re2 e4 30. a5 Bd6 31. Ree1 Qxh2+ 32. Kf1 Qh3+ 0-1

[Event "26th WSCC 2016 Open 65+"]
[Site "Marianske Lazne, Czech Republic - Hotel Cristal and Continental"]
[Date "2016.11.21"]
[Round "3.65"]
[White "Anguera Maestro, Jaime"]
[Black "Kopecek, Ivan"]
[Result "1/2-1/2"]
[WhiteElo "2081"]
[BlackElo "1910"]
[PlyCount "65"]
[EventDate "2016.11.19"]

1. d4 Nf6 2. Nf3 e6 3. e3 b6 4. Bd3 Bb7 5. Nbd2 c5 6. c3 d5 7. O-O Nbd7 8. Ne5
Be7 9. f4 g6 10. Qe2 O-O 11. Rf3 Ne4 12. Rh3 f5 13. Ndf3 Bf6 14. Bd2 Nxe5 15.
fxe5 Be7 16. Ne1 Bc6 17. Rf3 Be8 18. Rf1 g5 19. g3 Rc8 20. Ng2 Bg6 21. Be1 Rf7
22. Qd1 Bf8 23. Be2 Bh6 24. g4 Qe7 25. h3 Rcf8 26. Bf3 Bg7 27. Qe2 fxg4 28.
hxg4 h5 29. gxh5 Bxh5 30. Bxh5 Rxf1+ 31. Kh2 Qc7 32. Nf4 gxf4 33. Qxf1 1/2-1/2

[Event "26th WSCC 2016 Open 65+"]
[Site "Marianske Lazne, Czech Republic - Hotel Cristal and Continental"]
[Date "2016.11.21"]
[Round "3.66"]
[White "Prachar, Josef"]
[Black "Nickl, Klaus"]
[Result "1/2-1/2"]
[WhiteElo "1918"]
[BlackElo "2075"]
[PlyCount "76"]
[EventDate "2016.11.19"]

1. d4 Nf6 2. c4 g6 3. Nc3 Bg7 4. e4 d6 5. f4 O-O 6. Nf3 c5 7. d5 e6 8. Be2 exd5
9. cxd5 Re8 10. e5 dxe5 11. fxe5 Ng4 12. e6 fxe6 13. Bg5 Qb6 14. Qd2 Ne5 15.
O-O-O Na6 16. d6 Bd7 17. Nxe5 Bxe5 18. a3 Rac8 19. Bc4 Bd4 20. Ne4 Rf8 21. Be7
Rf4 22. Rde1 Rf5 23. Rhf1 Kg7 24. Rxf5 exf5 25. Ng5 Nb8 26. Ne6+ Bxe6 27. Bxe6
Re8 28. Bxf5 Qxb2+ 29. Qxb2 Bxb2+ 30. Kxb2 gxf5 31. Re5 Nd7 32. Rxf5 b5 33. Kc3
Rb8 34. Rf4 Rb7 35. Rg4+ Kf7 36. Rh4 Kg6 37. Rg4+ Kf7 38. Rh4 Kg6 1/2-1/2

[Event "26th WSCC 2016 Open 65+"]
[Site "Marianske Lazne, Czech Republic - Hotel Cristal and Continental"]
[Date "2016.11.21"]
[Round "3.67"]
[White "Diaz Franco, Francisco Jorge"]
[Black "Halla, Jiri"]
[Result "1/2-1/2"]
[WhiteElo "2019"]
[BlackElo "1770"]
[PlyCount "45"]
[EventDate "2016.11.19"]

1. d4 Nf6 2. Bf4 d5 3. Nf3 e6 4. h3 c5 5. e3 Nc6 6. c3 Bd6 7. Ne5 O-O 8. Be2
cxd4 9. cxd4 Qe7 10. O-O Nd7 11. Nd3 Nb6 12. Nc3 a6 13. Rc1 Nc4 14. b3 Nb6 15.
Bf3 Nb4 16. Ne5 f6 17. Nd3 Nxd3 18. Bxd6 Qxd6 19. Qxd3 Bd7 20. Rc2 Rac8 21.
Rfc1 Be8 22. e4 Bg6 23. Qe3 1/2-1/2

[Event "26th WSCC 2016 Open 65+"]
[Site "Marianske Lazne, Czech Republic - Hotel Cristal and Continental"]
[Date "2016.11.21"]
[Round "3.68"]
[White "Ashby, Anthony C"]
[Black "Schmitt, Karl"]
[Result "1-0"]
[WhiteElo "2074"]
[BlackElo "1899"]
[PlyCount "101"]
[EventDate "2016.11.19"]

1. d4 Nf6 2. c4 g6 3. Nc3 Bg7 4. e4 d6 5. f3 O-O 6. Be3 a6 7. Nge2 Nbd7 8. Ng3
c5 9. d5 Qa5 10. Be2 b5 11. Qd2 bxc4 12. O-O Ne5 13. h3 Rb8 14. Rab1 Qc7 15. f4
Ned7 16. Bxc4 Nb6 17. Be2 Bb7 18. Rbc1 Nfd7 19. Kh1 e6 20. dxe6 fxe6 21. b4 c4
22. Bg4 Rbe8 23. Rfd1 d5 24. e5 Rf7 25. Nge2 h5 26. Bf3 Bc6 27. Qc2 Nf8 28. a4
Nbd7 29. Rb1 Rb8 30. Nd4 Nb6 31. a5 Nc8 32. Nxc6 Qxc6 33. Nxd5 exd5 34. Bxd5
Qe8 35. Qxc4 Ne7 36. Bxf7+ Qxf7 37. Qxa6 Nf5 38. Qa7 Rb7 39. Qc5 Ne6 40. Qc8+
Kh7 41. Bf2 Nxf4 42. a6 Rc7 43. Qb8 Bxe5 44. a7 Nxh3 45. gxh3 Ng3+ 46. Kg1 Ne2+
47. Kg2 Qf4 48. Qxc7+ Bxc7 49. a8=Q Qh2+ 50. Kf1 Ng3+ 51. Bxg3 1-0

[Event "26th WSCC 2016 Open 65+"]
[Site "Marianske Lazne, Czech Republic - Hotel Cristal and Continental"]
[Date "2016.11.21"]
[Round "3.69"]
[White "Pokora, Lubomir"]
[Black "Mueller, Lutz"]
[Result "1/2-1/2"]
[WhiteElo "1895"]
[BlackElo "2070"]
[PlyCount "151"]
[EventDate "2016.11.19"]

1. e4 c5 2. Nf3 d6 3. c3 Nf6 4. h3 Nc6 5. Bd3 g6 6. Bc2 Bg7 7. O-O O-O 8. Re1
Qc7 9. d3 Rb8 10. a4 a6 11. Be3 e5 12. Nbd2 Nh5 13. Nf1 h6 14. Qd2 Kh7 15. g4
Nf6 16. Ng3 Rh8 17. Kg2 Kg8 18. d4 h5 19. g5 Ng4 20. dxc5 Nxe3+ 21. Qxe3 h4 22.
Ne2 dxc5 23. Nh2 Rh5 24. Rad1 Qe7 25. Nf3 Be6 26. Kh2 Rf8 27. Neg1 Na5 28. Qe2
c4 29. Qd2 Kh7 30. Qd6 Re8 31. Rd2 Nc6 32. Red1 f6 33. Qxe7 Rxe7 34. gxf6 Bxf6
35. Ne2 Bg7 36. Rd6 Bc8 37. R1d5 Rf7 38. Neg1 Bf8 39. Rxc6 bxc6 40. Rd8 Be6 41.
Kg2 Bh6 42. Ra8 Rb7 43. Rxa6 Bd7 44. Bd1 Bf4 45. Be2 Kg7 46. Bxc4 Rh8 47. b4 g5
48. Ra5 Kf6 49. Rc5 Rbb8 50. Ne2 g4 51. hxg4 h3+ 52. Kh1 Bxg4 53. Rxc6+ Kg7 54.
Nh2 Bh5 55. Nxf4 exf4 56. f3 Rbd8 57. Bd5 Rhe8 58. Rc7+ Kf6 59. c4 Re5 60. Ng4+
Bxg4 61. fxg4 Rdxd5 62. cxd5 Rxe4 63. Rc6+ Kg5 64. Re6 Rd4 65. Kh2 Kxg4 66.
Rg6+ Kf5 67. Rh6 Kg4 68. Rg6+ Kf5 69. Rh6 Rxb4 70. Kxh3 Rxa4 71. Kg2 Rd4 72.
Kf3 Rd3+ 73. Kf2 Ke4 74. d6 Rd2+ 75. Ke1 Rd5 76. Kf2 1/2-1/2

[Event "26th WSCC 2016 Open 65+"]
[Site "Marianske Lazne, Czech Republic - Hotel Cristal and Continental"]
[Date "2016.11.21"]
[Round "3.70"]
[White "Sand, Rolf"]
[Black "Muratoglu, Salih"]
[Result "1/2-1/2"]
[WhiteElo "2068"]
[BlackElo "1897"]
[PlyCount "53"]
[EventDate "2016.11.19"]

1. c4 Nf6 2. g3 Nc6 3. Bg2 g6 4. Nc3 Bg7 5. e4 d6 6. Nge2 O-O 7. O-O e5 8. d3
Bg4 9. f3 a6 10. Nd5 Qd7 11. Bg5 Ne8 12. Qd2 f6 13. Be3 Ne7 14. Rac1 c5 15.
Nxe7+ Qxe7 16. f4 Qd7 17. Nc3 Nc7 18. Nd5 Nxd5 19. cxd5 a5 20. fxe5 fxe5 21.
Rxf8+ Bxf8 22. Rf1 Bg7 23. h4 b6 24. Kh2 Rf8 25. Rxf8+ Kxf8 26. Bh3 Qf7 27. Kg2
1/2-1/2

[Event "26th WSCC 2016 Open 65+"]
[Site "Marianske Lazne, Czech Republic - Hotel Cristal and Continental"]
[Date "2016.11.21"]
[Round "3.71"]
[White "Hutchinson, Norman A"]
[Black "Ilyes, Peter"]
[Result "1/2-1/2"]
[WhiteElo "2062"]
[BlackElo "1892"]
[PlyCount "86"]
[EventDate "2016.11.19"]

1. e4 d6 2. d4 g6 3. f4 Bg7 4. Nf3 Bg4 5. Be2 c6 6. Nc3 Qb6 7. e5 Nd7 8. h3
Bxf3 9. Bxf3 O-O-O 10. exd6 exd6 11. Ne4 Re8 12. Kf1 Rxe4 13. Bxe4 d5 14. Bf3
Bxd4 15. c3 Bg7 16. Qe2 Ngf6 17. Be3 Qc7 18. g3 Re8 19. Qf2 Ne4 20. Bxe4 Rxe4
21. Rd1 h5 22. Bd4 Bxd4 23. Rxd4 Nf6 24. Kg2 h4 25. g4 g5 26. fxg5 Rxd4 27.
cxd4 Ne4 28. Qxh4 Qf4 29. Qe1 Qxg5 30. Rf1 Qg7 31. Qe3 f6 32. Rf5 Qc7 33. Rh5
Qb6 34. Rh8+ Kd7 35. Rh7+ Ke6 36. Qa3 c5 37. dxc5 Qb5 38. Qf3 Qxb2+ 39. Kh1
Qa1+ 40. Kh2 Qe5+ 41. Kg1 Qd4+ 42. Kh2 Qe5+ 43. Kg1 Qd4+ 1/2-1/2

[Event "26th WSCC 2016 Open 65+"]
[Site "Marianske Lazne, Czech Republic - Hotel Cristal and Continental"]
[Date "2016.11.21"]
[Round "3.72"]
[White "Andersson, Kaj"]
[Black "Rubinstein, Mark"]
[Result "1-0"]
[WhiteElo "2057"]
[BlackElo "1886"]
[PlyCount "59"]
[EventDate "2016.11.19"]

1. e4 e6 2. d4 d5 3. Nd2 dxe4 4. Nxe4 Nf6 5. Bd3 b6 6. Nxf6+ gxf6 7. Qf3 c6 8.
Ne2 Bb7 9. Bf4 Nd7 10. O-O-O a6 11. Rhe1 b5 12. Ng3 Nb6 13. Qh5 Qd5 14. Bf5 Bc8
15. Be4 Qd7 16. Bh6 Nd5 17. Bxf8 Rxf8 18. Qxh7 Bb7 19. Qg7 O-O-O 20. h3 Rh8 21.
Bxd5 Qxd5 22. Qxf7 Qxa2 23. Qxe6+ Qxe6 24. Rxe6 c5 25. dxc5 Bxg2 26. Rxa6 Rxd1+
27. Kxd1 Rxh3 28. Rxf6 Rh4 29. c3 b4 30. Nf5 1-0

[Event "26th WSCC 2016 Open 65+"]
[Site "Marianske Lazne, Czech Republic - Hotel Cristal and Continental"]
[Date "2016.11.21"]
[Round "3.73"]
[White "Archangelsky, Mikhail"]
[Black "Vagner, Grigorij"]
[Result "1-0"]
[WhiteElo "2054"]
[BlackElo "1849"]
[PlyCount "71"]
[EventDate "2016.11.19"]

1. d4 d5 2. Nf3 Nc6 3. c4 Bg4 4. e3 e5 5. Qb3 Bb4+ 6. Bd2 Bxd2+ 7. Nbxd2 e4 8.
cxd5 exf3 9. dxc6 fxg2 10. Bxg2 b6 11. h3 Bh5 12. Qd5 Nf6 13. Qxd8+ Rxd8 14.
O-O O-O 15. Rfc1 Rfe8 16. b4 Be2 17. a4 a6 18. a5 bxa5 19. Rxa5 Rb8 20. d5 Rxb4
21. e4 Rd4 22. Nb3 Rb4 23. Nc5 Rb6 24. e5 Nxd5 25. Bxd5 Rxe5 26. Bg2 Rg5 27.
Re1 h6 28. Rxe2 Rxc6 29. Nb3 Rc3 30. Rxg5 hxg5 31. Nd4 g6 32. Ra2 Rd3 33. Nf3
Rd1+ 34. Kh2 Rd6 35. Nxg5 Rb6 36. Bf1 1-0

[Event "26th WSCC 2016 Open 65+"]
[Site "Marianske Lazne, Czech Republic - Hotel Cristal and Continental"]
[Date "2016.11.21"]
[Round "3.74"]
[White "Auvinen, Esa"]
[Black "Dahlhaus, Friedhelm"]
[Result "0-1"]
[WhiteElo "1887"]
[BlackElo "2052"]
[PlyCount "48"]
[EventDate "2016.11.19"]

1. e4 e5 2. Nf3 Nc6 3. Bb5 a6 4. Bxc6 dxc6 5. d4 exd4 6. Qxd4 Qxd4 7. Nxd4 Bd7
8. Nc3 O-O-O 9. Nde2 g6 10. Be3 Bg7 11. O-O-O Ne7 12. Rd3 b6 13. Bd4 f6 14. Be3
Rhe8 15. f3 c5 16. Nd5 Nc6 17. Bf4 Ne5 18. Rdd1 Be6 19. Ndc3 Kb7 20. Rxd8 Rxd8
21. Rd1 Rxd1+ 22. Nxd1 Nc4 23. Ne3 g5 24. Nxc4 Bxc4 0-1

[Event "26th WSCC 2016 Open 65+"]
[Site "Marianske Lazne, Czech Republic - Hotel Cristal and Continental"]
[Date "2016.11.21"]
[Round "3.75"]
[White "Slechta, Karel"]
[Black "Gamboa Gonzalez, Anibal"]
[Result "1/2-1/2"]
[WhiteElo "1872"]
[BlackElo "2040"]
[PlyCount "86"]
[EventDate "2016.11.19"]

1. e4 Nf6 2. e5 Nd5 3. d4 d6 4. c4 Nb6 5. exd6 exd6 6. Nf3 Bg4 7. h3 Bh5 8. Be3
Nc6 9. Nc3 Be7 10. b3 O-O 11. Be2 Re8 12. O-O Bf6 13. Rc1 h6 14. Re1 d5 15. c5
Nc8 16. Qd2 N8e7 17. Ne5 Bxe2 18. Nxc6 bxc6 19. Nxe2 Nf5 20. Rc3 Qd7 21. Rd3
Re4 22. Nc3 Re7 23. Rd1 Rae8 24. Bf4 g5 25. Bg3 h5 26. Be5 Qe6 27. Bxf6 Qxf6
28. Rf3 Qg6 29. Qd3 Re4 30. Rxf5 Qxf5 31. Nxe4 Rxe4 32. Qa6 Qf6 33. Qxa7 g4 34.
Qxc7 Rf4 35. Qe5 Qh6 36. Re1 gxh3 37. Qb8+ Kh7 38. Re8 h2+ 39. Kh1 Qf6 40. Rh8+
Kg6 41. Qg8+ Qg7 42. Qd8 Qxd4 43. Qg8+ Qg7 1/2-1/2

[Event "26th WSCC 2016 Open 65+"]
[Site "Marianske Lazne, Czech Republic - Hotel Cristal and Continental"]
[Date "2016.11.21"]
[Round "3.76"]
[White "Reynolds, D Ian W"]
[Black "Usselman, Paul"]
[Result "1-0"]
[WhiteElo "2040"]
[BlackElo "1798"]
[PlyCount "103"]
[EventDate "2016.11.19"]

1. e4 c5 2. c3 d5 3. exd5 Qxd5 4. d4 Nf6 5. Nf3 Bg4 6. dxc5 Qxc5 7. Be2 Nc6 8.
O-O e6 9. h3 Bf5 10. Be3 Qd6 11. Qa4 Be7 12. Bf4 Qd8 13. g4 Bg6 14. Ne5 O-O 15.
Nxg6 hxg6 16. Rd1 Qa5 17. Qxa5 Nxa5 18. Nd2 Nd5 19. Bg3 g5 20. Nb3 Nc6 21. Nd4
Nxd4 22. Rxd4 Rad8 23. Rad1 Bf6 24. R4d2 a6 25. Bf3 Nf4 26. Kh2 Rxd2 27. Rxd2
Rb8 28. h4 e5 29. h5 b5 30. Be4 Kf8 31. f3 Rd8 32. Rxd8+ Bxd8 33. Bf2 Ne6 34.
b4 a5 35. a3 axb4 36. axb4 Bc7 37. Kg1 Nf4 38. Bc5+ Kg8 39. Kf2 Ne6 40. Be3 Bd8
41. Bc6 Nc7 42. Bb6 Kf8 43. Ke2 Ke7 44. Bc5+ Ke6 45. Kd3 Be7 46. Bb6 Nd5 47.
Ba5 Nf4+ 48. Kd2 Nd5 49. Bxb5 f6 50. Bc4 Kd6 51. Bxd5 Kxd5 52. Kd3 1-0

[Event "26th WSCC 2016 Open 65+"]
[Site "Marianske Lazne, Czech Republic - Hotel Cristal and Continental"]
[Date "2016.11.21"]
[Round "3.77"]
[White "Goetze, Peter"]
[Black "Leitner, Walter"]
[Result "1/2-1/2"]
[WhiteElo "1862"]
[BlackElo "2039"]
[PlyCount "81"]
[EventDate "2016.11.19"]

1. Nc3 d5 2. e4 d4 3. Nce2 c5 4. Ng3 Nc6 5. Nf3 g6 6. Bc4 Bg7 7. O-O a6 8. d3
Na5 9. Bb3 Nxb3 10. axb3 Nf6 11. Bg5 O-O 12. h3 h6 13. Bd2 Be6 14. Nh4 Bd7 15.
f4 Qc7 16. Qe1 e6 17. Qf2 Rfd8 18. Nf3 Bb5 19. Ne5 b6 20. Qe2 a5 21. Ng4 Bc6
22. Nxf6+ Bxf6 23. Qg4 Kh7 24. f5 exf5 25. exf5 Bg7 26. fxg6+ fxg6 27. Ne4 Rf8
28. Qh4 Bxe4 29. Qxe4 Rae8 30. Qg4 Qc6 31. Rae1 Rxe1 32. Bxe1 Rxf1+ 33. Kxf1 a4
34. bxa4 Qxa4 35. b3 Qa2 36. Qe2 Qb2 37. g4 b5 38. Kg2 Qa2 39. Bf2 Qa8+ 40. Kh2
Qd5 41. Bg3 1/2-1/2

[Event "26th WSCC 2016 Open 65+"]
[Site "Marianske Lazne, Czech Republic - Hotel Cristal and Continental"]
[Date "2016.11.21"]
[Round "3.78"]
[White "Bobbia, Mario"]
[Black "Bakalar, Jan"]
[Result "1/2-1/2"]
[WhiteElo "1850"]
[BlackElo "2033"]
[PlyCount "21"]
[EventDate "2016.11.19"]

1. e4 c5 2. Nf3 a6 3. d4 cxd4 4. Nxd4 Nf6 5. Bd3 e5 6. Nb3 d5 7. exd5 Qxd5 8.
O-O Be6 9. Nc3 Qd7 10. Ne4 Nxe4 11. Bxe4 1/2-1/2

[Event "26th WSCC 2016 Open 65+"]
[Site "Marianske Lazne, Czech Republic - Hotel Cristal and Continental"]
[Date "2016.11.21"]
[Round "3.79"]
[White "Ingham, William"]
[Black "Hastik, Svatopluk"]
[Result "1/2-1/2"]
[WhiteElo "1814"]
[BlackElo "2023"]
[PlyCount "95"]
[EventDate "2016.11.19"]

1. d4 g6 2. Bf4 Bg7 3. e3 Nf6 4. Be2 d6 5. Nf3 O-O 6. O-O Nbd7 7. h3 c6 8. c4
Qb6 9. Qb3 c5 10. Nc3 Qa5 11. Rfd1 a6 12. Rac1 h6 13. d5 Nh5 14. Bh2 Rd8 15.
Qc2 Bxc3 16. Qxc3 Qxc3 17. Rxc3 b5 18. e4 bxc4 19. Nd2 Nhf6 20. f3 Nb6 21. Bxc4
Bd7 22. b3 Bb5 23. g4 Rdb8 24. Kf2 Bxc4 25. Nxc4 Nxc4 26. Rxc4 a5 27. Bf4 a4
28. Rxa4 Rxa4 29. bxa4 Ra8 30. Bxh6 Rxa4 31. Rd2 Nd7 32. Rb2 Ne5 33. Kg2 Kh7
34. Bf8 Ra7 35. g5 c4 36. Rc2 Rc7 37. Rc3 Kg8 38. Bh6 Ra7 39. a3 Rb7 40. f4 Rb3
41. Rc1 Nd3 42. Rxc4 Nxf4+ 43. Kf1 Rf3+ 44. Kg1 Rxa3 45. Rc8+ Kh7 46. Rf8 e5
47. Rxf7+ Kg8 48. Rf8+ 1/2-1/2

[Event "26th WSCC 2016 Open 65+"]
[Site "Marianske Lazne, Czech Republic - Hotel Cristal and Continental"]
[Date "2016.11.21"]
[Round "3.80"]
[White "Vladimirsky, Mark"]
[Black "Malinovsky, Jozef"]
[Result "1-0"]
[WhiteElo "2023"]
[BlackElo "1794"]
[PlyCount "59"]
[EventDate "2016.11.19"]

1. d4 d5 2. Nf3 Nf6 3. Bf4 e6 4. e3 Bd6 5. Nbd2 Bxf4 6. exf4 Qd6 7. g3 O-O 8.
Bd3 b6 9. c3 c5 10. Qe2 c4 11. Bc2 Nc6 12. Ne5 b5 13. g4 Nd7 14. g5 Ndxe5 15.
fxe5 Qe7 16. Qh5 g6 17. Qg4 Qc7 18. Nf3 Ne7 19. Rg1 a5 20. Rg3 Kh8 21. Qh4 Rg8
22. Qf4 Rg7 23. h4 Kg8 24. Nh2 b4 25. Ng4 Kf8 26. h5 gxh5 27. Nf6 Ng6 28. Nxh7+
Ke8 29. Bxg6 fxg6 30. Qf8+ 1-0

[Event "26th WSCC 2016 Open 65+"]
[Site "Marianske Lazne, Czech Republic - Hotel Cristal and Continental"]
[Date "2016.11.21"]
[Round "3.81"]
[White "Harding, Tim D"]
[Black "Londin, Milan"]
[Result "1/2-1/2"]
[WhiteElo "2015"]
[BlackElo "1754"]
[PlyCount "104"]
[EventDate "2016.11.19"]

1. e4 e5 2. Nf3 Nc6 3. d4 exd4 4. Nxd4 Nxd4 5. Qxd4 d6 6. Nc3 c6 7. Be3 Nf6 8.
Be2 Be7 9. Rd1 O-O 10. e5 dxe5 11. Qxe5 Qe8 12. h3 Bd8 13. Qg3 Bf5 14. Bd3 Bxd3
15. Rxd3 Bb6 16. O-O Bxe3 17. Rxe3 Qb8 18. Qg5 h6 19. Qf5 Qc8 20. Qxc8 Raxc8
21. Re7 Rb8 22. Rd1 Rfe8 23. Rc7 Rec8 24. Re7 Kf8 25. Re5 Re8 26. Ra5 Ra8 27.
Kf1 Re7 28. Ra4 a6 29. Rad4 Rae8 30. g4 g5 31. Kg2 b5 32. Rd6 Re6 33. Kf3 Rxd6
34. Rxd6 Re6 35. Rxe6 fxe6 36. Ne4 Nd7 37. Ke3 Kg7 38. f4 Kg6 39. Nd6 h5 40.
gxh5+ Kxh5 41. fxg5 Kxg5 42. Nf7+ Kf5 43. b4 e5 44. Nd6+ Ke6 45. Ne4 Kd5 46.
Kd3 Nf8 47. Nc3+ Ke6 48. a4 Ng6 49. axb5 axb5 50. Ne2 Kd5 51. Nc3+ Ke6 52. Ne2
Kd5 $11 1/2-1/2

[Event "26th WSCC 2016 Open 65+"]
[Site "Marianske Lazne, Czech Republic - Hotel Cristal and Continental"]
[Date "2016.11.21"]
[Round "3.82"]
[White "Filzmaier, Bruno"]
[Black "Gromark, Per-Olof"]
[Result "0-1"]
[WhiteElo "1760"]
[BlackElo "2015"]
[PlyCount "130"]
[EventDate "2016.11.19"]

1. a3 Nf6 2. d4 g6 3. Nf3 Bg7 4. e3 O-O 5. b4 d6 6. Bb2 a5 7. b5 Nbd7 8. h3 c5
9. c4 cxd4 10. exd4 e5 11. Be2 exd4 12. Bxd4 b6 13. O-O Bb7 14. Nbd2 Qc7 15.
Rc1 Rfe8 16. Re1 Bh6 17. Rc3 Re6 18. Nf1 Rae8 19. Ne3 Ne4 20. Rc2 Nxf2 21. Nd5
Nxh3+ 22. gxh3 Qd8 23. Bf1 Rxe1 24. Nxe1 Qh4 25. Nf3 Qh5 26. Re2 Re6 27. Bg2
Ne5 28. Bxe5 dxe5 29. Nxe5 Bxd5 30. cxd5 Rxe5 31. Re1 Kg7 32. Rf1 Qg5 33. a4
Qe3+ 34. Kh1 Bg5 35. Qf3 Qxf3 36. Bxf3 Be7 37. Rc1 Bc5 38. Rd1 Re7 39. Kg2 f5
40. Rd2 g5 41. Re2 Rxe2+ 42. Bxe2 Kg6 43. Kg3 h5 44. Bd1 g4 45. hxg4 hxg4 46.
Kf4 Bd6+ 47. Ke3 Kg5 48. Bc2 f4+ 49. Kf2 f3 50. Ke3 Kh4 51. Ke4 Kh3 52. Bd3 Kg2
53. Kf5 g3 54. Ke6 Bf4 55. d6 f2 56. Kd5 f1=Q 57. Bxf1+ Kxf1 58. Kc6 g2 59. d7
Bg5 60. Kxb6 Bd8+ 61. Kb7 g1=Q 62. Kc8 Qg8 63. Kb7 Qd5+ 64. Kb8 Qxd7 65. Ka8
Bb6 0-1